[Event "Bucharest Cup GM"]
[Site "Bucharest"]
[Date "1998.??.??"]
[Round "?"]
[White "Berelovich, Aleksandar"]
[Black "Vajda, Albert"]
[Result "1-0"]
[WhiteElo "2495"]
[BlackElo "2350"]

1.c4 e6 2.Nc3 d5 3.d4 c6 4.e3 Nf6 5.Nf3 Nbd7 6.b3 Bd6 7.Bb2 O-O 8.Qc2 Re8
9.Be2 dxc4 10.bxc4 c5 11.O-O a6 12.Rfd1 cxd4 13.exd4 Qc7 14.Ne4 Be7 15.Nxf6+ Nxf6
16.Ne5 Nd7 17.Nxf7 Rf8 18.Ne5 Nxe5 19.dxe5 Bc5 20.Bd4 b6 21.Bd3 g6 22.Bxc5 Qxc5
23.Bxg6 hxg6 24.Qxg6+ Kh8 25.Qh6+ Kg8 26.Qg6+ Kh8 27.Qh6+ Kg8 28.Qg5+ Kf7
29.Qf6+ Kg8 30.Qg5+ Kf7 31.Qf6+ Kg8 32.Qg5+ Kf7 33.Rd3 Bb7 34.Rad1 Ke8 35.Rd8+ Rxd8
36.Rxd8+ Kf7 37.Rd7+  1-0

[Event "Ciocaltea mem"]
[Site "Bucharest"]
[Date "1998.??.??"]
[Round "12"]
[White "Florean, Andrei"]
[Black "Rogozenko, Dorin"]
[Result "1/2-1/2"]
[WhiteElo "2455"]
[BlackElo "2495"]

1.d4 d5 2.c4 c6 3.Nc3 Nf6 4.Nf3 e6 5.e3 Nbd7 6.Bd3 dxc4 7.Bxc4 b5 8.Be2 b4
9.Na4 Qa5 10.O-O Ba6 11.Bxa6 Qxa6 12.Qc2 Be7 13.b3 O-O 14.Bb2 Rfc8 15.Rfc1 c5
16.Qc4 Qxc4 17.Rxc4 cxd4 18.Rxc8+ Rxc8  1/2-1/2

[Event "Budapest Nyar-B"]
[Site "Budapest"]
[Date "1998.??.??"]
[Round "2"]
[White "Szeberenyi, Adam"]
[Black "Feher, Gyula"]
[Result "0-1"]
[WhiteElo "2230"]
[BlackElo "2445"]

1.d4 d5 2.c4 c6 3.Nc3 Nf6 4.e3 e6 5.Nf3 Nbd7 6.Qc2 Bd6 7.Bd3 O-O 8.O-O dxc4
9.Bxc4 a6 10.a3 b5 11.Be2 c5 12.e4 cxd4 13.Nxd4 Bb7 14.h3 Rc8 15.Qb1 Nc5
16.Bf3 Be5 17.Nde2 Qd3 18.Be3 Qxb1 19.Raxb1 Ncxe4 20.Nxe4 Bxe4 21.Bxe4 Nxe4
22.f3 Nd6 23.b3 Nf5 24.Bf2 g6 25.g4 Ne7 26.f4 Bg7 27.b4 Rc2 28.Ng3 Rd8 29.Rfd1 Rxd1+
30.Rxd1 Nd5 31.f5 Bb2 32.Bc5 Rc1  0-1

[Event "Budapest FS07 Elo"]
[Site "Budapest"]
[Date "1998.??.??"]
[Round "3"]
[White "Lukasovics, Laszlo"]
[Black "Hegedus, Istvan"]
[Result "0-1"]
[WhiteElo "2140"]
[BlackElo "2105"]

1.d4 d5 2.Nf3 Nf6 3.c4 c6 4.e3 e6 5.Nc3 Nbd7 6.Bd3 dxc4 7.Bxc4 b5 8.Bd3 Bb7
9.O-O Be7 10.a3 a6 11.e4 c5 12.e5 Nd5 13.Nxd5 Bxd5 14.Bf4 cxd4 15.Nxd4 Qb6
16.Nf3 Nc5 17.Be3 Qb7 18.Be2 Rd8 19.Bxc5 Bxc5 20.Rc1 Bb6 21.Rc3 O-O 22.Qc2 Rc8
23.Ng5 g6 24.Bf3 Rxc3 25.Qxc3 Bxf3 26.Nxf3 Rc8 27.Qd2 Bd8 28.Rd1 Be7 29.h3 Qe4
30.Qa5 Rc2 31.Rd7 Rc1+ 32.Kh2 Qf4+  0-1

[Event "Budapest Nyar op"]
[Site "Budapest"]
[Date "1998.??.??"]
[Round "5"]
[White "Kiss, Istvan"]
[Black "Doppelhammer, Herbert"]
[Result "0-1"]
[WhiteElo "2265"]
[BlackElo "2130"]

1.d4 d5 2.Nf3 c6 3.c4 e6 4.Nc3 Nf6 5.e3 Nbd7 6.a3 Bd6 7.Be2 O-O 8.O-O Ne4
9.Qc2 f5 10.b4 Rf6 11.g3 Rh6 12.Kg2 g5 13.Bb2 g4 14.Nd2 Rxh2+ 15.Kg1 Qg5
16.Ncxe4 Qh5 17.f4 Qh3  0-1

[Event "Budapest FS06 GM"]
[Site "Budapest"]
[Date "1998.??.??"]
[Round "6"]
[White "Roeder, Mathias"]
[Black "Turzo, Attila"]
[Result "1/2-1/2"]
[WhiteElo "2435"]
[BlackElo "2415"]

1.d4 d5 2.c4 c6 3.Nc3 Nf6 4.e3 e6 5.Nf3 Nbd7 6.Qc2 Bd6 7.Bd3 dxc4 8.Bxc4 O-O
9.O-O Qe7 10.a3 a6 11.Ba2 c5 12.dxc5 Bxc5 13.Ng5 b5 14.Nge4 Bb7 15.Nxc5 Nxc5
16.f3 Rfd8 17.e4 Nd3 18.Be3 b4 19.Rfd1 bxc3 20.Rxd3 cxb2 21.Rb1 Rxd3 22.Qxd3 Bc6
23.Rxb2 Rd8 24.Qb3 Bb5 25.Rd2 Rxd2 26.Bxd2 Qc5+ 27.Be3 Qc6 28.Bb1 h6 29.Bc2 Qc4
30.Qxc4 Bxc4 31.Bc5 Nd7 32.Bd6 e5 33.Ba4 Nb6 34.Bc6 Bb5 35.Bxb5 axb5 36.Kf2 f6
37.Ke2 Kf7 38.Kd3 Nc8 39.Bc5 Ne7 40.Bxe7 Kxe7 41.Kc3 Kd6 42.Kb4 Kc6 43.Kb3  1/2-1/2

[Event "Golden Cleopatra"]
[Site "Cairo"]
[Date "1998.??.??"]
[Round "5"]
[White "Afifi, Assem"]
[Black "Goloshchapov, Alexander"]
[Result "0-1"]
[WhiteElo "2345"]
[BlackElo "2400"]

1.d4 d5 2.c4 e6 3.Nc3 c6 4.e3 Nf6 5.Nf3 Nbd7 6.Qc2 Bd6 7.Bd2 O-O 8.O-O-O Qe7
9.e4 Nxe4 10.Nxe4 dxe4 11.Qxe4 e5 12.c5 exd4 13.Qxe7 Bxe7 14.Nxd4 Bxc5  0-1

[Event "Golden Cleopatra"]
[Site "Cairo"]
[Date "1998.??.??"]
[Round "7"]
[White "Ghitescu, Theodor"]
[Black "Mohamed, Farag Amrou"]
[Result "1-0"]
[WhiteElo "2355"]
[BlackElo "2290"]

1.d4 Nf6 2.c4 e6 3.Nf3 d5 4.Nc3 c6 5.e3 Nbd7 6.Qc2 Bd6 7.Bd2 O-O 8.O-O-O Qe7
9.e4 dxe4 10.Nxe4 Nxe4 11.Qxe4 f5 12.Qc2 Nf6 13.Bd3 b5 14.Rde1 Qd7 15.Ne5 Bxe5
16.dxe5 bxc4 17.Bxf5 exf5 18.exf6 Qf7 19.fxg7 Rd8 20.Bc3 Be6 21.Rd1 Rxd1+
22.Rxd1 Re8 23.Re1 Qd7 24.Qe2 Bf7  1-0

[Event "Golden Cleopatra"]
[Site "Cairo"]
[Date "1998.??.??"]
[Round "7"]
[White "Hamed, Ahmed"]
[Black "Goloshchapov, Alexander"]
[Result "1/2-1/2"]
[WhiteElo "2320"]
[BlackElo "2400"]

1.d4 d5 2.c4 e6 3.Nc3 c6 4.e3 Nf6 5.Nf3 Nbd7 6.Bd3 dxc4 7.Bxc4 b5 8.Bd3 a6
9.O-O c5 10.Qe2 Bb7 11.Rd1 Qc7 12.Bd2 Bd6 13.Rac1 Qb8 14.e4 cxd4 15.Nxd4 Bxh2+
16.Kh1 Bd6 17.a4 b4 18.Na2 a5 19.Nb5 O-O 20.Nxd6 Qxd6 21.Bg5 Rad8  1/2-1/2

[Event "Calcutta"]
[Site "Calcutta"]
[Date "1998.??.??"]
[Round "1"]
[White "Prasad, Devaki V"]
[Black "Barua, Dibyendu"]
[Result "1/2-1/2"]
[WhiteElo "2400"]
[BlackElo "2520"]

1.Nf3 d5 2.d4 c6 3.c4 e6 4.e3 Nf6 5.Nc3 Nbd7 6.Bd3 Bd6 7.e4 dxe4 8.Nxe4 Nxe4
9.Bxe4 h6 10.O-O O-O 11.Bc2 e5 12.Re1 exd4 13.Qxd4 Bc5 14.Qc3 Qb6 15.Be3 Nf6
16.Bxc5 Qxc5 17.Re5 Qb6 18.c5 Qc7 19.Rae1 Bd7  1/2-1/2

[Event "Calcutta"]
[Site "Calcutta"]
[Date "1998.??.??"]
[Round "11"]
[White "Ravi, Lanka"]
[Black "Barua, Dibyendu"]
[Result "0-1"]
[WhiteElo "2405"]
[BlackElo "2520"]

1.d4 d5 2.c4 e6 3.Nc3 c6 4.e3 Nf6 5.Nf3 Nbd7 6.Bd3 Bd6 7.e4 dxe4 8.Nxe4 Nxe4
9.Bxe4 h6 10.O-O O-O 11.Bc2 c5 12.b3 Qc7 13.Bb2 Rd8 14.Re1 Nf8 15.Qe2 cxd4
16.Nxd4 Bxh2+ 17.Kh1 Bf4 18.Qf3 a6 19.Rad1 Bg5 20.Ne2 Bd7 21.Ng3 Bc6 22.Qe2 Rxd1
23.Rxd1 Rd8 24.Nh5 Rxd1+ 25.Qxd1 f6 26.Kg1 Be8 27.Ng3 Bf4 28.Ne2 Bh5 29.Qe1 Bh2+
30.Kf1 Be5 31.Nd4 Bxd4 32.Bxd4 Qh2 33.f3 Bxf3 34.Qd2 Bc6 35.a4 Qh4 36.Bf2 Qg4
37.g3 Nd7 38.Bd1 Qh3+ 39.Ke2 Ne5 40.Qd8+ Kh7 41.Bc2+ f5 42.Qe7 Bf3+ 43.Ke3 Qf1
44.Bxf5+ exf5 45.Qxe5 Qe2+ 46.Kf4 g5+ 47.Kxf5 Bg4+ 48.Kf6 Qxf2+ 49.Ke7 Qe2  0-1

[Event "Cannes op"]
[Site "Cannes"]
[Date "1998.??.??"]
[Round "3"]
[White "Kogan, Artur"]
[Black "Rotstein, Arkadij"]
[Result "0-1"]
[WhiteElo "2505"]
[BlackElo "2485"]

1.Nf3 d5 2.c4 c6 3.d4 e6 4.Nc3 Nf6 5.e3 Nbd7 6.Qc2 Bd6 7.Be2 O-O 8.O-O Qe7
9.h3 a6 10.c5 Bc7 11.e4 dxe4 12.Nxe4 h6 13.Re1 e5 14.Bc4 Nxe4 15.Qxe4 Nf6
16.Qh4 e4 17.Bf4 Bxf4 18.Qxf4 Be6 19.Ne5 Rad8 20.Rad1 Bd5 21.f3 Qc7 22.Bxd5 cxd5
23.Ng6 Qxf4 24.Nxf4 Rfe8 25.h4 g5 26.hxg5 hxg5 27.Nh3 g4 28.Nf4 Kg7 29.fxe4 Nxe4
30.Re3 Kh6 31.Rb3 Kg5 32.Nd3 Re7 33.Rb6 f6 34.Re1 Rh8 35.Nf2 f5 36.Rd6 Nxd6
37.Rxe7 Nb5 38.Rd7 Nxd4 39.Rxd5 Ne2+ 40.Kf1 Ng3+ 41.Kg1 Re8 42.Nd3 Re2 43.a4 Rd2
44.Rd8 Ne4 45.Kf1 Kh4 46.b4 Kg3 47.Ke1 Rxg2 48.Rd7 f4 49.Re7 Rg1+ 50.Ke2 f3+
51.Ke3 Nf2 52.Ne5 Nd1+  0-1

[Event "Cannes op"]
[Site "Cannes"]
[Date "1998.??.??"]
[Round "9"]
[White "Zueger, Beat"]
[Black "Fressinet, Laurent"]
[Result "1-0"]
[WhiteElo "2445"]
[BlackElo "2450"]

1.c4 c6 2.Nf3 d5 3.e3 Nf6 4.Nc3 e6 5.d4 Nbd7 6.Qc2 Bd6 7.Be2 O-O 8.O-O dxc4
9.Bxc4 a6 10.Rd1 b5 11.Be2 Qc7 12.Ne4 Nxe4 13.Qxe4 e5 14.Qh4 Re8 15.Bd3 Nf8
16.dxe5 Bxe5 17.Nxe5 Qxe5 18.Qg3 Qf6 19.e4 c5 20.Bc2 Bb7 21.Rd6 Ne6 22.e5 Qe7
23.Bh6 g6 24.Bb3 c4 25.Bc2 Nc5 26.f4 Be4 27.Qe3 Qa7 28.Bxe4 Nxe4 29.Qxa7 Rxa7
30.Rd4 Nc5 31.Rad1 Nd3 32.Rd2 Rc7 33.Bg5 Rcc8 34.Bf6 Rc6 35.g3 Rc7 36.a3 Rcc8
37.Kf1 h6 38.Rc2 Nc5 39.Rd6 a5 40.Rd5 Rc6 41.a4 Nxa4 42.Rxb5 Nb6 43.Rxa5 Nd7
44.Ra4 Nxf6 45.exf6 Rxf6 46.Raxc4 Kg7 47.b4 Rb6 48.Re2 Rd8 49.Rb2 Re8 50.b5 Ree6
51.Rc5 Kf6 52.Kf2 Rb7 53.Rb3 h5 54.Re3 Rd6 55.Ke2 Rd4 56.Rc6+ Kf5 57.Kf3 Rxb5
58.h3  1-0

[Event "Cappelle op"]
[Site "Cappelle la Grande"]
[Date "1998.??.??"]
[Round "1"]
[White "Lelchuk, Zoja"]
[Black "Novikov, Igor A"]
[Result "0-1"]
[WhiteElo "2365"]
[BlackElo "2550"]

1.Nf3 d5 2.c4 e6 3.d4 Nf6 4.Nc3 c6 5.e3 Nbd7 6.Qc2 Bd6 7.Be2 O-O 8.O-O dxc4
9.Bxc4 b5 10.Bb3 Bb7 11.e4 e5 12.a4 exd4 13.Nxd4 Be5 14.Nf3 Bxc3 15.bxc3 c5
16.axb5 Bxe4 17.Qd1 Qc7 18.Ng5 Bg6 19.Ra4 Nb6 20.Rh4 Rad8 21.Bf4 Rxd1 22.Bxc7 Rxf1+
23.Kxf1 Bd3+ 24.Ke1 c4 25.Bd1 Nbd5 26.Ba5 Rb8 27.Ba4 Re8+ 28.Kd1 Re2  0-1

[Event "Cappelle op"]
[Site "Cappelle la Grande"]
[Date "1998.??.??"]
[Round "2"]
[White "Kasimdzhanov, Rustam"]
[Black "Vul, Arkadi Eremeevich"]
[Result "1-0"]
[WhiteElo "2565"]
[BlackElo "2385"]

1.d4 d5 2.c4 e6 3.Nc3 c6 4.e3 Nf6 5.Nf3 Nbd7 6.Qc2 Bd6 7.Bd3 O-O 8.O-O dxc4
9.Bxc4 e5 10.h3 Qc7 11.Bd2 Re8 12.Ng5 Re7 13.Rac1 h6 14.Nxf7 Rxf7 15.Nb5 Qb8
16.Qg6 cxb5 17.Qxf7+ Kh8 18.Be6 e4 19.f3 Nb6 20.fxe4 Bxe6 21.Qxe6 Nc4 22.Rxc4 Bh2+
23.Kh1 bxc4 24.Rxf6 gxf6 25.Qxf6+ Kh7 26.Qf5+ Kg7 27.Bc3 Qd6 28.d5+ Kg8 29.e5 Qf8
30.Qg6+ Qg7 31.Qxg7+ Kxg7 32.Kxh2 Kf7 33.e4 b5 34.e6+ Ke7 35.e5 a5 36.Be1 b4
37.Bh4+ Ke8 38.d6  1-0

[Event "Cappelle op"]
[Site "Cappelle la Grande"]
[Date "1998.??.??"]
[Round "4"]
[White "Kasimdzhanov, Rustam"]
[Black "Kobalija, Mihail"]
[Result "0-1"]
[WhiteElo "2565"]
[BlackElo "2500"]

1.c4 c6 2.d4 d5 3.Nf3 Nf6 4.Nc3 e6 5.e3 Nbd7 6.Qc2 Bd6 7.Bd2 O-O 8.O-O-O Qe7
9.h3 dxc4 10.Bxc4 b5 11.Bd3 Bb7 12.e4 e5 13.Kb1 a6 14.Rhe1 Rfe8 15.dxe5 Bxe5
16.Nxe5 Nxe5 17.Bf1 b4 18.Na4 Ned7 19.e5 Nd5 20.f4 c5 21.Bd3 g6 22.e6 fxe6
23.f5 gxf5 24.Bxf5 Qf7 25.Be4 N7f6 26.Bf3 Rac8 27.Re5 Kh8 28.Rf1 Qc7 29.Rfe1 Qd6
30.b3 Nd7 31.Rh5 N7f6 32.Rh6 Rc7 33.Bc1 Qf8 34.Rh4 Bc6 35.Bb2 Bxa4 36.Bxd5 exd5
37.Bxf6+ Qxf6 38.Rxe8+ Bxe8  0-1

[Event "Cappelle op"]
[Site "Cappelle la Grande"]
[Date "1998.??.??"]
[Round "5"]
[White "Banikas, Hristos"]
[Black "Belichev, Nikolai"]
[Result "1/2-1/2"]
[WhiteElo "2495"]
[BlackElo "2370"]

1.c4 e6 2.Nc3 d5 3.d4 c6 4.e3 Nf6 5.Nf3 Nbd7 6.Qc2 Bd6 7.Be2 O-O 8.O-O Re8
9.Rd1 Qe7 10.h3 b6 11.e4 Nxe4 12.Nxe4 dxe4 13.Qxe4 Bb7 14.Bg5 Nf6 15.Qh4 h6
16.Bf4 Bxf4 17.Qxf4 Rad8 18.Ne5 c5 19.dxc5 bxc5 20.Bf3 Qc7 21.Bxb7 Qxb7 22.b3 Qc7
23.Qe3 Rd6 24.Rxd6 Qxd6 25.Nd3 Rc8 26.Rd1 Kf8 27.Qe1 Qc7 28.Ne5 Ke7 29.f4 Rd8
30.Rxd8 Kxd8 31.Qg3 Ne8 32.Qf3 Nd6 33.Qc6 f6 34.Qa8+ Nc8 35.Nd3 Qd6 36.Qe4 Nb6
37.Kf2 Kc7 38.b4 Na4 39.Qe3 Qd4 40.Qxd4 cxd4 41.Kf3 Nc3 42.Nc5  1/2-1/2

[Event "Cappelle op"]
[Site "Cappelle la Grande"]
[Date "1998.??.??"]
[Round "6"]
[White "Kekelidze, Mikheil"]
[Black "Fridman, Daniel"]
[Result "1-0"]
[WhiteElo "2405"]
[BlackElo "2520"]

1.d4 d5 2.c4 e6 3.Nf3 c6 4.e3 Nf6 5.Nc3 Nbd7 6.Bd3 dxc4 7.Bxc4 b5 8.Bb3 b4
9.Ne2 Ba6 10.O-O Be7 11.Re1 c5 12.Nf4 Bb7 13.Ng5 O-O 14.Nfxe6 fxe6 15.Nxe6 Qc8
16.Nxf8+ Kxf8 17.d5 c4 18.d6 Bd8 19.Bc2 Nc5 20.f3 Bb6 21.Kh1 Qc6 22.e4 Re8
23.Be3 Re6 24.Qe2 Nd3 25.Bxb6 Nxe1 26.Rxe1 axb6 27.e5 Nd7 28.f4 g6 29.Qg4 Qxd6
30.Be4 Nxe5 31.fxe5 Qxe5 32.Rf1+ Rf6 33.Rxf6+ Qxf6 34.h3 Bxe4 35.Qxe4 c3
36.Qxb4+ Ke8 37.Qxc3 Qf7 38.Kh2 Kd7 39.Kg3 Qf5 40.Qe3 Qf6 41.Qd3+ Ke7 42.Qe4+ Kd8
43.b4 Qc3+ 44.Kh2 Qc7+ 45.Kg1 Qc1+ 46.Kh2 Qc7+ 47.g3 Qc3 48.Qd5+ Kc7 49.b5 Qc2+
50.Kg1 h5 51.h4 Kc8 52.Qa8+ Kd7 53.Qd5+ Kc8 54.Kf1 Kb8 55.Qe5+ Kc8 56.Qe2 Qf5+
57.Kg2 Qd5+ 58.Kh2 Kd7 59.Qb2 Kd6 60.Qb4+ Qc5 61.Qf4+ Kd5 62.Qf7+ Kd4 63.Qxg6 Qxb5
64.Qf6+ Qe5 65.Qxe5+ Kxe5 66.Kg2 b5 67.Kf3 b4 68.g4 hxg4+ 69.Kxg4 Kf6 70.Kf4 Kg6
71.Ke4  1-0

[Event "WLS-ch"]
[Site "Cardiff"]
[Date "1998.??.??"]
[Round "2"]
[White "Cummings, David H"]
[Black "Cast, Abigail"]
[Result "1-0"]
[WhiteElo "2365"]
[BlackElo "2120"]

1.d4 d5 2.c4 c6 3.Nc3 Nf6 4.e3 e6 5.Nf3 Be7 6.Bd3 Nbd7 7.O-O O-O 8.b3 b6
9.Bb2 Bb7 10.Qe2 Rc8 11.Rad1 Qc7 12.e4 dxe4 13.Nxe4 Nxe4 14.Bxe4 Nf6 15.Bb1 Rfd8
16.Qc2 h6 17.Ne5 c5 18.d5 exd5 19.cxd5 Bxd5 20.Ng4 Be6 21.Be5 Qc6 22.Nxf6+ Bxf6
23.Qh7+ Kf8 24.Be4 Qb5 25.Bd6+ Ke8 26.Bf5 Bd4 27.Qg8+ Kd7 28.Qxf7+ Kxd6 29.Qxe6+ Kc7
30.Rxd4  1-0

[Event "Ceske Budejovice op"]
[Site "Ceske Budejovice"]
[Date "1998.??.??"]
[Round "?"]
[White "Jurek, Josef"]
[Black "Letov, Alexander"]
[Result "1-0"]
[WhiteElo "2390"]
[BlackElo "2300"]

1.c4 c6 2.d4 d5 3.Nc3 Nf6 4.e3 e6 5.Nf3 Nbd7 6.Qc2 Bd6 7.Be2 dxc4 8.Bxc4 O-O
9.O-O e5 10.h3 Qe7 11.Rd1 b5 12.Bd3 Bb7 13.Ng5 g6 14.Nge4 Bc7 15.Nxf6+ Nxf6
16.a4 b4 17.Ne4 Rad8 18.Qc5 Qxc5 19.Nxc5 Bc8 20.b3 exd4 21.Bb2 Be5 22.Bc4 Nd5
23.Bxd5 Rxd5 24.Nd3 Bg7 25.Nxb4 Rd6 26.Bxd4 Rfd8 27.Rdc1 Bxd4 28.exd4 Bb7
29.Kh2 a5 30.Nc2 Bc8 31.b4 Bd7 32.bxa5 Ra8 33.a6 Rxa6 34.a5 Ra8 35.a6 Bc8
36.Nb4 Bd7 37.Rc4 Kf8 38.a7 Ke7 39.Nd3 Kd8 40.Ne5 Be8 41.Rb4 Kc7 42.g4 Rd5
43.Nd3 Rb5 44.Rba4 h5 45.Nc5 hxg4 46.hxg4 Bd7 47.Kg3 Kd6 48.Kf4 Rb2 49.Kg5 f6+
50.Kh4 Be6 51.Kg3 Bd5 52.f3 Be6 53.Rh1 Ra2 54.Rh7 Rb2 55.Ra5 Bc8 56.Ne4+ Ke6
57.Rc7 Rb4 58.Rxc8 Rxc8 59.a8=Q Rxa8 60.Rxa8 Rxd4 61.Re8+ Kf7 62.Rc8 f5 63.Ng5+ Kf6
64.Nh7+ Kg7 65.Rc7+ Kh6 66.Nf6 Rc4 67.Kh4 g5+ 68.Kg3 f4+ 69.Kf2 Rc2+ 70.Ke1 Rc3
71.Ng8+ Kg6 72.Rxc6+  1-0

[Event "Clichy Masters"]
[Site "Clichy"]
[Date "1998.??.??"]
[Round "9"]
[White "Lukov, Valentin"]
[Black "Bergez, Luc"]
[Result "1-0"]
[WhiteElo "2470"]
[BlackElo "2380"]

1.Nf3 Nf6 2.c4 c6 3.Nc3 d5 4.e3 e6 5.d4 Nbd7 6.Bd3 dxc4 7.Bxc4 b5 8.Be2 a6
9.e4 b4 10.e5 bxc3 11.exf6 cxb2 12.fxg7 Bxg7 13.Bxb2 Qa5+ 14.Nd2 Rb8 15.Qc1 Qg5
16.O-O c5 17.Nb3 Qxc1 18.Raxc1 Bb7 19.Rfd1 Rg8 20.g3 Bd5 21.Bc4 Bf3 22.Rd3 Be4
23.Re3 Bf5 24.Ree1 a5 25.Bc3 cxd4 26.Nxd4 Ne5 27.f4 Nxc4 28.Nxf5 Bf8 29.Bd4 Rc8
30.Ne3 Bb4 31.Nxc4 Bxe1 32.Nd6+ Kd7 33.Nxc8 Rxc8 34.Rxe1 Rc2 35.a3 Kc6 36.Bg7 Ra2
37.Bf8 Kd5 38.Re5+ Kd4 39.Rxa5 Ke3 40.Rb5 Kf3 41.Rb3+ Kg4 42.Bc5 Kh3 43.Kf1 h5
44.Bd4 Rd2 45.Bf2 Kxh2 46.Rb7 f5 47.Rb6 Ra2 48.Rxe6 Rxa3 49.Re5 Kh3 50.Rxf5 h4
51.Rh5  1-0

[Event "South America zt"]
[Site "Cordoba"]
[Date "1998.??.??"]
[Round "4"]
[White "Soppe, Guillermo"]
[Black "Hoffman, Alejandro"]
[Result "1/2-1/2"]
[WhiteElo "2455"]
[BlackElo "2525"]

1.d4 d5 2.c4 c6 3.e3 Nf6 4.Nc3 e6 5.Nf3 Nbd7 6.Qc2 Bd6 7.Be2 O-O 8.O-O Qe7
9.Rd1 dxc4 10.Bxc4 e5 11.h3 e4 12.Nd2 Nb6 13.Bf1 Re8 14.a4 Bf5 15.a5 Nbd5
16.Nc4 Nb4 17.Qa4 Bc7 18.Bd2 Nfd5 19.Nxd5 Nxd5 20.Qc2 Qg5 21.a6 b6 22.Ne5 Bxh3
23.Qxe4 f6 24.Nf3 Qh5 25.Qh4 Qxh4 26.Nxh4 Bd7 27.Bd3 Bd6 28.Bf5 Bxf5 29.Nxf5 Bf8
30.Rac1  1/2-1/2

[Event "South America zt"]
[Site "Cordoba"]
[Date "1998.??.??"]
[Round "5"]
[White "Ricardi, Pablo"]
[Black "Toloza, Pablo"]
[Result "0-1"]
[WhiteElo "2545"]
[BlackElo "2350"]

1.d4 Nf6 2.c4 e6 3.Nc3 d5 4.Nf3 c6 5.e3 Nbd7 6.Bd3 dxc4 7.Bxc4 b5 8.Be2 Bb7
9.O-O a6 10.e4 c5 11.d5 exd5 12.exd5 Bd6 13.Bg5 Qb8 14.Bd3 O-O 15.Rc1 Re8
16.Bh4 b4 17.Na4 Bxd5 18.Bxf6 Nxf6 19.Nxc5 Qb6 20.Nd7 Nxd7 21.Bxh7+ Kxh7
22.Qxd5 Ne5 23.Ng5+ Kg8 24.Rfe1 Ra7 25.Rxe5 Bxe5 26.Qxe5 Qd8 27.Qf5 g6 28.Qf4 Qc7
29.Qd2 Rd8 30.Qe3 Qe7 31.Ne4 f5 32.Qb3+ Qf7 33.Qxf7+ Rxf7 34.Ng3 Rd2 35.h4 Rxb2
36.Rc6 Rxa2 37.Rxg6+ Kh7 38.Rb6 a5 39.Rb5 Ra3 40.Nxf5 b3 41.g4 Ra4 42.Rxb3 Rxg4+
43.Ng3 a4 44.Ra3 Rb7 45.Kf1 Rb3 46.Ra1 Rgb4 47.Ke2 Rb2+ 48.Ke3 R4b3+ 49.Kd4 Rxf2
50.Ne4 Rb4+ 51.Ke3 Rh2 52.Ng5+ Kg6 53.Rg1 Rb3+ 54.Kd4 Rxh4+ 55.Ne4+ Kf7  0-1

[Event "South America zt"]
[Site "Cordoba"]
[Date "1998.??.??"]
[Round "8"]
[White "Toloza, Pablo"]
[Black "Silva Sanchez, Carlos"]
[Result "1/2-1/2"]
[WhiteElo "2350"]
[BlackElo "2395"]

1.d4 d5 2.c4 c6 3.Nf3 Nf6 4.Nc3 e6 5.e3 Nbd7 6.Qc2 Bd6 7.Be2 O-O 8.O-O Qe7
9.b3 dxc4 10.bxc4 e5  1/2-1/2

[Event "Creon op"]
[Site "Creon"]
[Date "1998.??.??"]
[Round "2"]
[White "Prakken, Gerrit"]
[Black "Viot, Alain"]
[Result "1-0"]
[WhiteElo "2255"]
[BlackElo "2130"]

1.d4 d5 2.c4 c6 3.e3 Nf6 4.Nc3 e6 5.Nf3 Nbd7 6.Bd3 Bd6 7.O-O O-O 8.e4 dxc4
9.Bxc4 e5 10.Bb3 h6 11.h3 Qe7 12.Re1 Rd8 13.d5 c5 14.a4 b6 15.a5 Rb8 16.Nb5 Nf8
17.axb6 axb6 18.Nd2 Ne8 19.Nc4 Ng6 20.Qh5 Nf6 21.Qe2 Ne8 22.f4 Bd7 23.Ra7 Bxb5
24.Rxe7 Bxe7 25.f5 Nf8 26.Qg4 Bxc4 27.Bxc4 b5 28.Bf1 Rd6 29.Be3 Ra6 30.d6 Bxd6
31.Bxh6 c4 32.Be3 Nh7 33.Qf3 Ra2 34.Rb1 Rba8 35.g4 Rc8 36.g5 b4 37.Qd1 Ra5
38.Ra1 Rxa1 39.Qxa1 c3 40.bxc3 bxc3 41.Qa2 Bc5 42.Bxc5 Rxc5 43.g6 Ng5 44.gxf7+ Nxf7
45.Bd3 Nd6 46.Qb1 Kh7 47.h4 Rc8 48.Kf1 Nd8 49.Qb4 N8b7 50.Bc2 Rc4 51.Qb3 Nc5
52.Qb6 Ncb7 53.Qg1 Nxe4 54.Qg6+ Kh8 55.h5 Nbd6 56.h6 gxh6 57.Qxh6+ Kg8 58.Qe6+ Nf7
59.f6 Nd2+ 60.Ke2  1-0

[Event "Creon op"]
[Site "Creon"]
[Date "1998.??.??"]
[Round "3"]
[White "Flear, Glenn C"]
[Black "Prakken, Gerrit"]
[Result "1-0"]
[WhiteElo "2445"]
[BlackElo "2255"]

1.d4 d5 2.c4 e6 3.Nf3 c6 4.e3 Nf6 5.Nc3 Nbd7 6.Qc2 Bd6 7.Bd2 O-O 8.O-O-O b5
9.e4 e5 10.cxb5 Bb7 11.dxe5 Nxe5 12.Nxe5 Bxe5 13.bxc6 Bxc6 14.exd5 Nxd5 15.Bc4 Nxc3
16.Bxc3 Qg5+ 17.Kb1 Bxc3 18.Qxc3 Rac8 19.Qg3 Qxg3 20.hxg3 Bxg2 21.Rh4 Bc6
22.Rhd4 g6 23.b4 Rfe8 24.Kb2 Kg7 25.Kb3 Re5 26.a4 h5 27.b5 Be8 28.Rd8 Rxd8
29.Rxd8 g5 30.Kb4 h4 31.Rd5 Kf6 32.Rxe5 Kxe5 33.gxh4 gxh4 34.Kc5 f5 35.Bd5 f4
36.Bf3 h3 37.a5 Bd7 38.b6 axb6+ 39.axb6 Bc8 40.b7 Bxb7 41.Bxb7 Kf5 42.Bf3  1-0

[Event "Creon op"]
[Site "Creon"]
[Date "1998.??.??"]
[Round "7"]
[White "Flear, Glenn C"]
[Black "Boudre, Jean Pierre"]
[Result "1-0"]
[WhiteElo "2445"]
[BlackElo "2380"]

1.d4 d5 2.c4 c6 3.Nc3 Nf6 4.e3 e6 5.Nf3 Nbd7 6.Bd3 dxc4 7.Bxc4 b5 8.Bd3 a6
9.O-O c5 10.a4 b4 11.Ne4 Bb7 12.Ned2 Qc7 13.a5 Be7 14.Nc4 O-O 15.Nfe5 cxd4
16.exd4 Nxe5 17.dxe5 Qc6 18.f3 Ng4 19.Qe2 Rad8 20.Kh1 f5 21.exf6 Nxf6 22.Bg5 Rd5
23.Bxf6 Bxf6 24.Be4 Qb5 25.Rac1 b3 26.Bxd5 Bxd5 27.Rfd1 Rc8 28.Nd6  1-0

[Event "CZE-chT2 9899"]
[Site "CZE"]
[Date "1998.??.??"]
[Round "?"]
[White "Lechtynsky, Jiri"]
[Black "Dolezal, Radoslav Jr"]
[Result "0-1"]
[WhiteElo "2400"]
[BlackElo "2290"]

1.Nf3 Nf6 2.c4 e6 3.Nc3 d5 4.d4 c6 5.e3 Be7 6.Qc2 O-O 7.Bd2 b6 8.e4 dxe4
9.Nxe4 Nbd7 10.Bd3 Bb7 11.Neg5 h6 12.h4 Qc7 13.Bc3 Bd6 14.O-O-O Rfe8 15.Ne4 Nxe4
16.Bxe4 Nf6 17.c5 Nxe4 18.Qxe4 bxc5 19.dxc5 Bxc5 20.Ng5 f5 21.Nxe6 Qf7 22.Qe5 Bf8
23.Rhe1 Bc8 24.Rd8 Rxe6 25.Qxe6 Bxe6 26.Rxa8 c5 27.h5 Qd7 28.Rd1 Bd5 29.a3 Kf7
30.Rxa7 Qxa7 31.Rxd5 g6 32.f3 Qa6 33.Kc2 Qa4+ 34.Kb1 Qc4 35.hxg6+ Kxg6 36.Rd1 Be7
37.Kc2 Qa4+ 38.b3 Qa6 39.a4 Bg5 40.Re1 Bf4 41.Re7 Qf1 42.g4 Qg2+ 43.Kb1 fxg4
44.fxg4 Kg5 45.a5 Kxg4 46.Re6 Qd5 47.Rg6+ Kh5  0-1

[Event "Moravia-chT 9899"]
[Site "CZE"]
[Date "1998.??.??"]
[Round "1"]
[White "Piza, Vlastimil"]
[Black "Klima, Lukas"]
[Result "1-0"]
[WhiteElo "2295"]
[BlackElo "2255"]

1.d4 d5 2.c4 c6 3.Nf3 Nf6 4.Nc3 e6 5.e3 Nbd7 6.Bd3 dxc4 7.Bxc4 b5 8.Bd3 Bb7
9.O-O a6 10.a4 b4 11.Ne4 c5 12.Nxf6+ Nxf6 13.Qe2 cxd4 14.Rd1 Bd6 15.exd4 O-O
16.Bg5 Be7 17.Ne5 h6 18.Bh4 Qd5 19.f3 Qxd4+ 20.Bf2 Qd8 21.Bh7+ Nxh7 22.Rxd8 Rfxd8
23.Bb6 Rdc8 24.Re1 Bd5 25.Qd2 Nf6 26.a5 Bd6 27.Nd3 Rc4 28.Ne5 Bxe5 29.Rxe5 Rac8
30.Re1 b3 31.Bd4 Rc2 32.Qe3 Ng4 33.Qf4 h5 34.h3 Nh6 35.Re5 R8c4 36.Rxh5 Bxf3
37.gxf3 Rc1+ 38.Kg2 R4c2+ 39.Kg3 Rd1 40.Rxh6 gxh6 41.Qb8+  1-0

[Event "Moravia-chT 9899"]
[Site "CZE"]
[Date "1998.??.??"]
[Round "2"]
[White "Jurka, Miroslav"]
[Black "Michenka, Jozef"]
[Result "1-0"]
[WhiteElo "2360"]
[BlackElo "2345"]

1.Nf3 Nf6 2.c4 e6 3.Nc3 d5 4.d4 c6 5.e3 Nbd7 6.Bd3 dxc4 7.Bxc4 b5 8.Be2 Bb7
9.O-O a6 10.e4 c5 11.e5 cxd4 12.Qxd4 Bc5 13.Qf4 Nd5 14.Nxd5 Bxd5 15.Qg3 Kf8
16.a4 b4 17.Be3 Qb6 18.a5 Qa7 19.Qf4 h6 20.h4 Ke7 21.Rac1 Rhc8 22.Nd4 Qb7
23.Bh5 g6 24.Bf3 Bxd4 25.Bxd4 Bxf3 26.gxf3 Rxc1 27.Rxc1 Rc8 28.Rxc8 Qxc8
29.Qxh6 Qc7 30.Qg5+ Ke8 31.f4 Qxa5 32.h5 gxh5 33.Qxh5 Qd5 34.Be3 a5 35.Qe2 Qc6
36.Qd2 Nb8 37.Qd4 Na6 38.Qa7 a4 39.f5 a3 40.Bg5 Kf8 41.Qe7+ Kg7 42.Qf6+  1-0

[Event "Moravia-chT 9899"]
[Site "CZE"]
[Date "1998.??.??"]
[Round "3"]
[White "Knazovcik, Ladislav"]
[Black "Pospisil, Dusan"]
[Result "1/2-1/2"]
[WhiteElo "2250"]
[BlackElo "2165"]

1.Nf3 d5 2.d4 Nf6 3.c4 c6 4.Nc3 e6 5.e3 Be7 6.Qc2 Nbd7 7.Be2 O-O 8.O-O b6
9.e4 dxe4 10.Nxe4 Bb7 11.Rd1 Qc7 12.Nc3 Rfd8 13.Bg5 a6 14.Bd3 Nf8 15.Ne4 c5
16.Bxf6 gxf6 17.dxc5 bxc5 18.Be2 Ng6 19.Rxd8+ Rxd8 20.Rd1 Nf4 21.Rxd8+ Qxd8
22.Bf1 f5 23.Ned2 Bf6 24.g3 Ng6 25.Bg2 f4 26.Ne1 Bxg2 27.Kxg2 fxg3 28.hxg3 h5
29.Nef3 h4 30.Ne4 hxg3 31.fxg3 Be7 32.Nf2 Bf6 33.Ne4 Be7 34.Nf2 Bf8 35.Qe4 Qd6
36.b3 Be7 37.Qb7 Kg7 38.Qe4 Bf6 39.Qe3 Be7 40.Ne4 Qc6 41.Qc3+ e5 42.Qe3 f5
43.Nc3 e4 44.Ng1 Bf6 45.Nge2 Ne5 46.Nd5 Ng4 47.Qf4 Qd7 48.Qc7 Qf7 49.Nxf6 Kxf6
50.Qxc5 Qh5 51.Qf8+ Kg5 52.Qg7+ Qg6 53.Qxg6+ Kxg6 54.c5 Ne5 55.Nd4 Nd7 56.b4 Kf6
57.Kf2 Ke5 58.Ke3 Nf6 59.Nc6+ Kd5 60.Nb8 Kc4 61.c6 Nd5+ 62.Ke2 Kxb4 63.Nxa6+ Kb5
64.c7 Ne7 65.Nb8 Kb6 66.Nd7+ Kxc7 67.Nf6 Kd6  1/2-1/2